RMP - World Mythology | 2 | 2 | 0 | 0 | 50 | 27 | 77.50 | 1 | 1 |
RMP - Greco-Roman Mythology | 2 | 0 | 0 | 0 | 30 | 54 | 60.00 | 0 | 0 |
RMP - Christian Practice | 1 | 1 | 0 | 0 | 25 | 35 | 67.00 | 0 | 1 |
RMP - East Asian Religion | 1 | 0 | 0 | 0 | 15 | 35 | 35.00 | 0 | 1 |
History - Cross, Historiography, and Miscellaneous | 1 | 0 | 0 | 0 | 15 | 14 | 14.00 | 1 | 1 |
History - World | 1 | 0 | 0 | 0 | 15 | 42 | 42.00 | 0 | 1 |
Literature - American | 1 | 0 | 0 | 0 | 15 | 58 | 58.00 | 0 | 0 |
Literature - British | 1 | 0 | 0 | 0 | 15 | 48 | 48.00 | 0 | 0 |
Fine Arts - Sculpture | 1 | 0 | 0 | 0 | 15 | 36 | 36.00 | 1 | 1 |
Fine Arts - Photography | 0 | 1 | 0 | 0 | 10 | 132 | 132.00 | 0 | 0 |
Literature - World and Miscellaneous | 0 | 1 | 0 | 0 | 10 | 99 | 99.00 | 0 | 0 |
RMP - Philosophy | 0 | 1 | 0 | 0 | 10 | 115 | 115.00 | 0 | 0 |
Science - Engineering and Miscellaneous | 0 | 1 | 0 | 0 | 10 | 65 | 65.00 | 0 | 0 |
Social Science - Psychology | 0 | 0 | 0 | 0 | 0 | | 0.00 | 0 | 0 |
Fine Arts - Miscellaneous | 0 | 0 | 0 | 0 | 0 | | 0.00 | 0 | 0 |
History - European | 0 | 0 | 0 | 0 | 0 | | 0.00 | 0 | 0 |
Other - Other Academic and General Knowledge | 0 | 0 | 0 | 0 | 0 | | 0.00 | 0 | 0 |
Science - Computer Science | 0 | 0 | 0 | 0 | 0 | | 0.00 | 0 | 0 |
Science - Physics | 0 | 0 | 0 | 0 | 0 | | 0.00 | 0 | 0 |
Fine Arts - Ballet/Dance | 0 | 0 | 0 | 0 | 0 | | 0.00 | 0 | 0 |